[Event "WA Class 2006 - B Section"]
[Site "Seattle"]
[Date "2006.11.25"]
[Round "3"]
[White "Buck, Stephen"]
[Black "Li, William"]
[Result "1-0"]
[WhiteElo "1718"]
[BlackElo "1525"]
[PlyCount "91"]
[EventDate "2006.11.??"]
[Source "Drayton Harriso"]
[SourceDate "2006.12.04"]

1. c4 c6 2. Nc3 Nf6 3. Nf3 e6 4. d4 d5 5. e3 Bb4 6. Bd2 Bxc3 7. Bxc3 b6 8. Bd3
O-O 9. O-O Nbd7 10. Rc1 Ba6 11. cxd5 Bxd3 12. Qxd3 cxd5 13. Bb4 Re8 14. Rc6 Rc8
15. Rfc1 Rxc6 16. Rxc6 Ne4 17. Qc2 a5 18. Be1 Ng5 19. Nxg5 Qxg5 20. Rc7 Qd8 21.
Qc6 Nb8 22. Qxb6 Na6 23. Rc6 Nb8 24. Qxd8 Rxd8 25. Rc7 a4 26. Ra7 Nc6 27. Rxa4
h6 28. b4 Rb8 29. a3 e5 30. dxe5 Nxe5 31. h3 Nc4 32. Bc3 Nb6 33. Ra6 Nc4 34. a4
Na3 35. b5 Nc4 36. Bd4 Rc8 37. b6 Nd2 38. g3 Nf3+ 39. Kg2 Ne1+ 40. Kf1 Rc1 41.
Ke2 Ng2 42. b7 Rc2+ 43. Kf1 Nxe3+ 44. Bxe3 Rc1+ 45. Kg2 Rg1+ 46. Kxg1 1-0

[Event "WA Class 2006 - B Section"]
[Site "Seattle"]
[Date "2006.11.26"]
[Round "5"]
[White "Li, Changhe"]
[Black "Buck, Stephen"]
[Result "1-0"]
[WhiteElo "1626"]
[BlackElo "1718"]
[PlyCount "67"]
[EventDate "2006.11.??"]
[Source "Drayton Harriso"]
[SourceDate "2006.12.04"]

1. e4 c5 2. Nf3 d6 3. d4 cxd4 4. Nxd4 Nf6 5. Nc3 a6 6. Be3 e6 7. Be2 Nc6 8. O-O
Be7 9. f4 Qc7 10. a4 O-O 11. Kh1 Bd7 12. Bd3 Nxd4 13. Bxd4 Bc6 14. Qe1 Nd7 15.
Qg3 e5 16. Be3 exf4 17. Bxf4 Ne5 18. Nd5 Bxd5 19. exd5 Rfe8 20. Bxe5 dxe5 21.
Qh3 h6 22. Qf5 Bf6 23. Qh7+ Kf8 24. Rf2 Rad8 25. Raf1 Rd6 26. c4 Qc5 27. b3 Qd4
28. Be4 Qc5 29. Bf5 Qb6 30. Rf3 Qd8 31. b4 Ke7 32. Be6 Rh8 33. Rxf6 Rxe6 34.
Rxf7+ 1-0

[Event "WA Class 2006 - B Section"]
[Site "Seattle"]
[Date "2006.11.26"]
[Round "6"]
[White "Hendricks, David"]
[Black "Kelly, Brian"]
[Result "1-0"]
[WhiteElo "1644"]
[BlackElo "1697"]
[PlyCount "38"]
[EventDate "2006.11.??"]
[Source "Drayton Harriso"]
[SourceDate "2006.12.04"]

1. d4 Nf6 2. c4 e5 3. e3 exd4 4. exd4 d5 5. Nc3 dxc4 6. Bxc4 Bd6 7. Nf3 O-O 8.
O-O Bg4 9. Bg5 h6 10. Bh4 Nc6 11. Ne4 g5 12. Nexg5 hxg5 13. Bxg5 Be7 14. Qd3
Na5 15. Qg6+ Kh8 16. Bxf6+ Bxf6 17. Qh6+ Kg8 18. Bd3 Re8 19. Bh7+ Kh8 1-0

[Event "WA Class 2006 - B Section"]
[Site "Seattle"]
[Date "2006.11.26"]
[Round "6"]
[White "Buck, Stephen"]
[Black "Wang, Michael"]
[Result "1-0"]
[WhiteElo "1718"]
[BlackElo "1659"]
[PlyCount "60"]
[EventDate "2006.11.??"]
[Source "Drayton Harriso"]
[SourceDate "2006.12.04"]

1. c4 Nf6 2. Nc3 g6 3. g3 Bg7 4. Bg2 O-O 5. Nf3 d6 6. O-O e5 7. d3 Nc6 8. Rb1
Bd7 9. b4 Qc8 10. b5 Ne7 11. Bg5 Bh3 12. Bxf6 Bxf6 13. Nd5 Nxd5 14. cxd5 Bxg2
15. Kxg2 Qd7 16. Qb3 Be7 17. Rbc1 f5 18. Nxe5 dxe5 19. d6+ Kh8 20. dxe7 Qxe7
21. Qd5 Rab8 22. Rc5 Rfe8 23. Rfc1 Qd6 24. Qc4 Rbc8 25. Rxc7 Rxc7 26. Qxc7 Qd5+
27. Kg1 Qxb5 28. Qf7 Qa4 29. Rc7 Qd1+ 30. Kg2 Qxe2 1-0

[Event "WA Class 2006 - B Section"]
[Site "Seattle"]
[Date "2006.11.26"]
[Round "6"]
[White "Schmidt, Martin"]
[Black "Bailey, Taylor"]
[Result "0-1"]
[WhiteElo "1760"]
[BlackElo "1669"]
[PlyCount "116"]
[EventDate "2006.11.??"]
[Source "Drayton Harriso"]
[SourceDate "2006.12.04"]

1. e4 d5 2. exd5 Qxd5 3. Nc3 Qa5 4. d4 Nf6 5. Nf3 Bg4 6. h3 Bh5 7. g4 Bg6 8.
Bd2 c6 9. Ne5 Qb6 10. Nxg6 hxg6 11. g5 Nd5 12. Qg4 e6 13. Nxd5 cxd5 14. O-O-O
Na6 15. Bg2 Qc6 16. Kb1 Rc8 17. Rhe1 Qxc2+ 18. Ka1 Rd8 19. Re3 Rh4 20. Rxe6+
fxe6 21. Qxe6+ Be7 22. Re1 Re4 23. Bxe4 dxe4 24. Qxg6+ Kd7 25. Qf5+ Ke8 26.
Qg6+ Kf8 27. Qf5+ Ke8 28. Bc3 Nc5 29. f3 Nd3 30. Rf1 e3 31. Qg6+ Kd7 32. Qf5+
Kc7 33. Qb5 e2 34. Rb1 Nxb2 35. Qxb2 Qxb2+ 36. Rxb2 e1=Q+ 37. Bxe1 Rxd4 38.
Bg3+ Bd6 39. Re2 Kd7 40. Bxd6 Kxd6 41. Re8 Kc7 42. Re7+ Rd7 43. Rxd7+ Kxd7 44.
h4 g6 45. Kb2 Kd6 46. Kc3 Kd5 47. Kd3 Ke5 48. Ke3 b5 49. f4+ Kf5 50. Kf3 b4 51.
Kg3 a5 52. h5 gxh5 53. Kh4 a4 54. Kxh5 b3 55. axb3 axb3 56. Kh6 b2 57. g6 b1=Q
58. Kh7 Qh1+ 0-1

[Event "WA Class 2006 - B Section"]
[Site "Seattle"]
[Date "2006.11.26"]
[Round "5"]
[White "Countryman, Zachary"]
[Black "Lee, Nathan"]
[Result "1/2-1/2"]
[WhiteElo "1659"]
[BlackElo "1712"]
[PlyCount "75"]
[EventDate "2006.11.??"]
[Source "Drayton Harriso"]
[SourceDate "2006.12.04"]

1. e4 c5 2. Nf3 Nc6 3. Bb5 d6 4. Bxc6+ bxc6 5. c3 e6 6. d4 d5 7. Ne5 Bd7 8. Qe2
cxd4 9. cxd4 Bb4+ 10. Bd2 Bxd2+ 11. Nxd2 Nf6 12. f3 Qa5 13. O-O O-O 14. Nb3 Qb6
15. Rac1 Qb5 16. Qe1 a5 17. Rc5 Qb7 18. Rc3 Rfd8 19. Rf2 a4 20. Nc5 Qb6 21. Rd2
Be8 22. b3 Qb4 23. Qe3 a3 24. Na4 Rac8 25. Nd3 Qb7 26. Ndc5 Qb4 27. e5 Nd7 28.
Nxd7 Bxd7 29. Nc5 Be8 30. Rdc2 Qb5 31. Nd3 Bd7 32. Rc5 Qb6 33. Qd2 Rb8 34. b4
Qb7 35. R2c3 Ra8 36. Qc1 Qa6 37. Ra5 Qb7 38. Rcc5 1/2-1/2

[Event "WA Class 2006 - B Section"]
[Site "Seattle"]
[Date "2006.11.26"]
[Round "6"]
[White "Lessler, Peter"]
[Black "Li, William"]
[Result "1-0"]
[WhiteElo "1482"]
[BlackElo "1525"]
[PlyCount "153"]
[EventDate "2006.11.??"]
[Source "Drayton Harriso"]
[SourceDate "2006.12.04"]

1. e4 e5 2. Nf3 Nc6 3. Bb5 a6 4. Ba4 Nf6 5. O-O Be7 6. Re1 b5 7. Bb3 d6 8. h3
Na5 9. c3 Nxb3 10. axb3 c5 11. c4 Be6 12. d3 h6 13. Nc3 Bd7 14. Ne2 O-O 15. Ng3
Bc6 16. Nf5 a5 17. Qd2 a4 18. cxb5 Bxb5 19. bxa4 Rxa4 20. Rxa4 Bxa4 21. Re3 Nh7
22. h4 Bb3 23. d4 Be6 24. dxe5 Bxf5 25. exf5 dxe5 26. Rxe5 Qxd2 27. Bxd2 Bf6
28. Rxc5 Bxb2 29. Bc3 Bxc3 30. Rxc3 Nf6 31. Kf1 Ra8 32. Rc2 Ra5 33. Nd4 Rd5 34.
Rc4 Ne4 35. Nc6 Nd2+ 36. Ke2 Rxf5 37. Ne7+ Kf8 38. Nxf5 Nxc4 39. f4 h5 40. Kd3
Nb2+ 41. Kd4 Nd1 42. Ng3 Nf2 43. Nxh5 Ng4 44. Ng3 g6 45. Ne4 Nh6 46. g3 Ke7 47.
Ke3 Ng4+ 48. Kf3 Nh2+ 49. Kg2 Ng4 50. Nf2 Ne3+ 51. Kh3 Nd5 52. Nd3 f5 53. g4
Kf6 54. g5+ Kg7 55. Kg3 Ne3 56. Kf3 Nf1 57. Nf2 Nh2+ 58. Kg2 Ng4 59. Nxg4 fxg4
60. Kg3 Kf7 61. Kxg4 Ke6 62. h5 gxh5+ 63. Kxh5 Kf5 64. Kh6 Kxf4 65. g6 Kg4 66.
g7 Kh3 67. g8=Q Kh4 68. Qc4+ Kg3 69. Qe4 Kf2 70. Qd3 Ke1 71. Qc2 Kf1 72. Qd2
Kg1 73. Qe2 Kh1 74. Kh5 Kg1 75. Kg4 Kh1 76. Kg3 Kg1 77. Qd1# 1-0

[Event "WA Class 2006 - B Section"]
[Site "Seattle"]
[Date "2006.11.25"]
[Round "4"]
[White "Dillingham, Gregg"]
[Black "Bailey, Taylor"]
[Result "0-1"]
[WhiteElo "1637"]
[BlackElo "1669"]
[PlyCount "126"]
[EventDate "2006.11.??"]
[Source "Drayton Harriso"]
[SourceDate "2006.12.04"]

1. e4 d5 2. exd5 Qxd5 3. Nc3 Qa5 4. Nf3 Nf6 5. d4 Bg4 6. Be2 e6 7. Ne5 Bxe2 8.
Qxe2 Bb4 9. Bd2 Qb6 10. d5 Bxc3 11. Bxc3 Nxd5 12. Nc4 Qc5 13. Bxg7 Rg8 14. Be5
Nc6 15. Bg3 Nd4 16. Qe4 Qxc4 17. Rc1 Nf6 18. Qd3 Qxd3 19. cxd3 Nd5 20. Rc4 Nc6
21. O-O Ndb4 22. Bxc7 Nxd3 23. Rh4 Rg7 24. f4 Kd7 25. Rd1 Kxc7 26. Rxd3 Rd8 27.
Rxd8 Kxd8 28. Rh3 f5 29. Re3 Ke7 30. g3 Kf6 31. Kf2 Rd7 32. Re2 Nb4 33. a3 Nd3+
34. Kf3 Nc5 35. Rc2 Ne4 36. Ke3 h5 37. Rc8 Rd2 38. Rf8+ Kg7 39. Re8 Kf7 40. Rh8
Kg6 41. Re8 Rd6 42. Re7 Rb6 43. b4 Nf6 44. Kf3 Nd5 45. Rd7 Nc3 46. Ke3 Nb1 47.
Rd3 Ra6 48. Rd7 Rxa3+ 49. Kd4 b6 50. Re7 Kf6 51. Rh7 a5 52. bxa5 Rxa5 53. Rh6+
Ke7 54. Rxh5 Kd6 55. Rh8 Ra7 56. Rb8 Kc6 57. Ke5 Rh7 58. Kxe6 Rh5 59. h4 Nd2
60. Rf8 Ne4 61. Rg8 Kc5 62. Rc8+ Kb4 63. Kf7 Nd6+ 0-1

[Event "WA Class 2006 - B Section"]
[Site "Seattle"]
[Date "2006.11.26"]
[Round "5"]
[White "Wang, Michael"]
[Black "Dillingham, Gregg"]
[Result "1-0"]
[WhiteElo "1659"]
[BlackElo "1637"]
[PlyCount "58"]
[EventDate "2006.11.??"]
[Source "Drayton Harriso"]
[SourceDate "2006.12.04"]

1. e4 c5 2. Nf3 e6 3. d4 cxd4 4. Nxd4 Nc6 5. Nb5 d6 6. Bf4 e5 7. Be3 a6 8. N5c3
Nf6 9. f3 Be6 10. Be2 Be7 11. O-O O-O 12. Nd5 Bxd5 13. exd5 Na7 14. c4 Qd7 15.
Nc3 b5 16. Ne4 Ne8 17. Kh1 bxc4 18. Bxc4 f5 19. Nd2 Qb7 20. Nb3 Bd8 21. Qe2 Nc8
22. Rac1 Bb6 23. Rc2 Nf6 24. Rd1 Re8 25. Bg5 Nd7 26. Be3 g6 27. Rdc1 Nc5 28.
Nxc5 dxc5 29. f4 e4 1-0

[Event "WA Class 2006 - B Section"]
[Site "Seattle"]
[Date "2006.11.25"]
[Round "4"]
[White "Kelly, Brian"]
[Black "Countryman, Zachary"]
[Result "1/2-1/2"]
[WhiteElo "1697"]
[BlackElo "1659"]
[PlyCount "113"]
[EventDate "2006.11.??"]
[Source "Drayton Harriso"]
[SourceDate "2006.12.04"]

1. Nf3 Nf6 2. g3 g6 3. Bg2 Bg7 4. c4 d6 5. Nc3 O-O 6. O-O Nfd7 7. d4 Nc6 8. a3
e5 9. d5 Ne7 10. Rb1 h6 11. e4 f5 12. Bd2 f4 13. b4 b6 14. Qb3 g5 15. Ne1 h5
16. f3 Ng6 17. Nd3 Kh7 18. Rbc1 Bh6 19. Rc2 g4 20. Be1 Nf6 21. c5 fxg3 22. hxg3
gxf3 23. Bxf3 Rg8 24. cxd6 cxd6 25. Rg2 Bh3 26. Rh2 Bxf1 27. Kxf1 Qf8 28. Ke2
Kg7 29. Bxh5 Nxh5 30. Rxh5 Qe7 31. Qd1 Raf8 32. Bd2 Bxd2 33. Kxd2 Rh8 34. Rxh8
Rxh8 35. Qg4 Rh2+ 36. Ne2 Kh6 37. Nb2 b5 38. a4 bxa4 39. Nxa4 Qg5+ 40. Qxg5+
Kxg5 41. Nb2 Ne7 42. Nc4 Nc8 43. b5 Kg4 44. Kd3 Rh7 45. Ne3+ Kg5 46. Nf5 Rd7
47. Nc3 Ne7 48. Ne3 Rb7 49. Kc4 Rd7 50. Kd3 Nc8 51. Nf5 Nb6 52. Ne3 Rd8 53. Na2
Na4 54. Nf5 Kg4 55. Nb4 Nc5+ 56. Ke3 Rd7 57. Nc6 1/2-1/2

[Event "WA Class 2006 - B Section"]
[Site "Seattle"]
[Date "2006.11.25"]
[Round "3"]
[White "Bailey, Taylor"]
[Black "Lessler, Peter"]
[Result "0-1"]
[WhiteElo "1669"]
[BlackElo "1482"]
[PlyCount "114"]
[EventDate "2006.11.??"]
[Source "Drayton Harriso"]
[SourceDate "2006.12.04"]

1. d4 Nf6 2. Nf3 e6 3. e3 c5 4. c3 Nc6 5. Nbd2 d5 6. Qb3 Bd6 7. c4 cxd4 8. Nxd4
Nxd4 9. exd4 O-O 10. c5 Bc7 11. Bd3 Nd7 12. O-O Nb8 13. Nf3 Nc6 14. Re1 Re8 15.
Qc3 Ba5 16. Bxh7+ Kxh7 17. Qd3+ g6 18. Ng5+ Kg7 19. Qf3 Qf6 20. Qxf6+ Kxf6 21.
Rd1 Kg7 22. Rd3 Bd7 23. Nf3 Bc7 24. Rb3 b6 25. cxb6 Bxb6 26. Rd3 Bc7 27. Rc3
Bd6 28. Bg5 Rac8 29. Nd2 Nxd4 30. Rd3 Nf5 31. Rf3 Be7 32. Bf4 Bf6 33. Rb1 e5
34. Bg3 Nxg3 35. Rxg3 Bf5 36. Rd1 Be6 37. Rb3 Rc7 38. Rb5 Rec8 39. Kf1 Rc1 40.
Ke2 Rxd1 41. Kxd1 Rc7 42. f3 Bg5 43. Ra5 Bxd2 44. Kxd2 Kf6 45. g4 Kg5 46. b4
Kf4 47. Ra3 Rb7 48. Rb3 d4 49. Rb2 Kxf3 50. Ke1 Kxg4 51. a4 Bd7 52. a5 a6 53.
Rb3 Bb5 54. Kf2 Rc7 55. Rg3+ Kf5 56. Rb3 d3 57. Rb1 d2 0-1

[Event "WA Class 2006 - B Section"]
[Site "Seattle"]
[Date "2006.11.25"]
[Round "3"]
[White "Kolde, Sterling"]
[Black "Milener, Gene"]
[Result "1-0"]
[WhiteElo "1595"]
[BlackElo "1406"]
[PlyCount "79"]
[EventDate "2006.11.??"]
[Source "Drayton Harriso"]
[SourceDate "2006.12.04"]

1. e4 e5 2. Nf3 Nf6 3. Nxe5 d6 4. Nf3 Nxe4 5. d4 d5 6. Bd3 Bd6 7. c4 c6 8. O-O
O-O 9. Qc2 Re8 10. Re1 Na6 11. a3 Nf6 12. Rxe8+ Qxe8 13. Bg5 Ne4 14. Bh4 f5 15.
Nc3 Qh5 16. cxd5 Nxc3 17. bxc3 cxd5 18. Re1 Bd7 19. Be7 Bf4 20. Qe2 Re8 21.
Bxa6 bxa6 22. Qxa6 Kf7 23. Qxa7 Rxe7 24. Rxe7+ Kxe7 25. Qc5+ Bd6 26. Qxd5 Be6
27. Qb7+ Bd7 28. h4 Bxa3 29. Ne5 Qe8 30. c4 Qc8 31. Qd5 Bd6 32. Qf7+ Kd8 33.
Qg8+ Be8 34. Nf7+ Kd7 35. Qxg7 Bxf7 36. Qxf7+ Be7 37. Qxf5+ Kd8 38. Qd5+ Ke8
39. c5 Bxh4 40. Qh5+ 1-0

[Event "Match Game"]
[Site "Seattle"]
[Date "2006.11.25"]
[Round "4"]
[White "Hou, Darren"]
[Black "Mathews, Dan"]
[Result "0-1"]
[WhiteElo "1541"]
[BlackElo "1737"]
[PlyCount "68"]
[EventDate "2006.11.??"]
[Source "Drayton Harriso"]
[SourceDate "2006.12.04"]

1. e4 c5 2. Nf3 Nc6 3. d4 cxd4 4. Nxd4 Nxd4 5. Qxd4 d6 6. Be3 Nf6 7. Nc3 g6 8.
Bc4 Bg7 9. Qd2 Ng4 10. Bf4 O-O 11. f3 Ne5 12. Bb3 Re8 13. O-O-O Bd7 14. Bh6 Bh8
15. h4 a5 16. h5 a4 17. Bd5 Be6 18. Bxe6 fxe6 19. Ne2 Nc4 20. Qg5 Bxb2+ 21. Kb1
Qb6 22. Rd3 Bf6+ 23. Rb3 Na3+ 24. Kc1 Bxg5+ 25. Bxg5 axb3 26. axb3 Nxc2 27.
Kxc2 Rec8+ 28. Nc3 Qb4 29. Bd2 Rxc3+ 30. Bxc3 Rc8 31. Rc1 Qxc3+ 32. Kd1 Qxc1+
33. Ke2 Rc2+ 34. Kd3 Qd2# 0-1

[Event "WA Class 2006 - C Section"]
[Site "Seattle"]
[Date "2006.11.25"]
[Round "3"]
[White "Woodlief, Eric"]
[Black "Placek, Philip"]
[Result "0-1"]
[WhiteElo "1571"]
[BlackElo "1590"]
[PlyCount "24"]
[EventDate "2006.11.??"]
[Source "Drayton Harriso"]
[SourceDate "2006.12.04"]

1. e4 Nf6 2. e5 Nd5 3. d4 d6 4. Nf3 Nc6 5. c4 Nb6 6. exd6 exd6 7. Be2 Bg4 8. d5
Bxf3 9. Bxf3 Ne5 10. b3 Qf6 11. Qe2 Be7 12. Bb2 Nd3+ 0-1

[Event "WA Class 2006 - C Section"]
[Site "Seattle"]
[Date "2006.11.26"]
[Round "5"]
[White "Woodlief, Eric"]
[Black "Marcjan, Karen"]
[Result "1/2-1/2"]
[WhiteElo "1571"]
[BlackElo "1384"]
[PlyCount "97"]
[EventDate "2006.11.??"]
[Source "Drayton Harriso"]
[SourceDate "2006.12.04"]

1. e4 e5 2. Nf3 Nc6 3. Bb5 Bc5 4. c3 Nf6 5. d4 exd4 6. cxd4 Bb4+ 7. Bd2 Nxe4 8.
Bxc6 Bxd2+ 9. Nbxd2 Nxd2 10. Bxd7+ Qxd7 11. Qxd2 Qe6+ 12. Qe3 O-O 13. O-O Re8
14. Rfe1 Bd7 15. Qc3 Qc6 16. Ne5 Qxc3 17. bxc3 Be6 18. f3 f6 19. Nd3 Bc4 20.
Nc5 b6 21. Nb3 a5 22. Red1 Re3 23. Nd2 Rxc3 24. Nxc4 Rxc4 25. Rac1 Rxc1 26.
Rxc1 Rd8 27. Rxc7 Rxd4 28. Rc2 Rb4 29. Kf2 Kf7 30. Ke3 b5 31. Kd3 a4 32. Kc3
Rc4+ 33. Kd3 Rxc2 34. Kxc2 b4 35. Kd3 b3 36. axb3 axb3 37. Kc3 Ke6 38. Kxb3 Ke5
39. Kc3 Kf4 40. Kd3 h5 41. Ke2 h4 42. Kf2 f5 43. g3+ hxg3+ 44. hxg3+ Ke5 45.
Ke3 g5 46. f4+ gxf4+ 47. gxf4+ Kd5 48. Kd3 Kc5 49. Kc3 1/2-1/2

[Event "WA Class 2006 - C Section"]
[Site "Seattle"]
[Date "2006.11.24"]
[Round "2"]
[White "Thongmee, Thomas"]
[Black "Woodlief, Eric"]
[Result "0-1"]
[WhiteElo "1421"]
[BlackElo "1571"]
[PlyCount "88"]
[EventDate "2006.11.??"]
[Source "Drayton Harriso"]
[SourceDate "2006.12.04"]

1. d4 d5 2. c4 e6 3. Nf3 Nf6 4. Nc3 c6 5. g3 Bd6 6. Bg2 O-O 7. O-O Nbd7 8. b3
Re8 9. Bg5 h6 10. Bd2 e5 11. Re1 exd4 12. Nxd4 dxc4 13. bxc4 Ne5 14. Qb3 Bc5
15. Nf3 Nxf3+ 16. Bxf3 Qxd2 17. Rad1 Qg5 18. Na4 Bf8 19. h4 Qe5 20. Rd3 Qa5 21.
Red1 Bf5 22. R3d2 Rad8 23. Rxd8 Rxd8 24. Rf1 Be4 25. Bxe4 Nxe4 26. Qc2 Rd2 27.
Qxe4 Qxa4 28. Qb1 b6 29. Qb3 Qxb3 30. axb3 Rb2 31. e3 Rxb3 32. Rc1 a5 33. Rc2
a4 34. Kf1 a3 35. Ke1 Bb4+ 36. Kd1 Rb1+ 37. Ke2 Rb2 38. Kd1 a2 39. Rc1 Rd2+ 40.
Ke1 Rc2+ 41. Kd1 Rxc1+ 42. Kxc1 a1=Q+ 43. Kc2 Qc3+ 44. Kd1 Qd2# 0-1

[Event "WA Class 2006 - C Section"]
[Site "Seattle"]
[Date "2006.11.25"]
[Round "4"]
[White "Yue, Bryan"]
[Black "Woodlief, Eric"]
[Result "0-1"]
[WhiteElo "1195"]
[BlackElo "1571"]
[PlyCount "68"]
[EventDate "2006.11.??"]
[Source "Drayton Harriso"]
[SourceDate "2006.12.04"]

1. e4 e5 2. Nf3 Nc6 3. Bc4 Nf6 4. Ng5 d5 5. exd5 Na5 6. Bb5+ c6 7. dxc6 bxc6 8.
Be2 h6 9. Nh3 Bc5 10. d3 Bxh3 11. gxh3 Nd5 12. O-O Qh4 13. Bf3 Qxh3 14. c3 Bd6
15. Bg2 Qh4 16. Qf3 O-O 17. Qg3 Qxg3 18. fxg3 Rae8 19. a3 Nb3 20. Ra2 Nxc1 21.
Rxc1 f5 22. Nd2 Bc5+ 23. Kh1 Be3 24. b4 Rd8 25. c4 Nf6 26. Bxc6 Rxd3 27. Rcc2
Rfd8 28. Nf3 Rd1+ 29. Kg2 e4 30. Nh4 g5 31. Bd5+ R8xd5 32. h3 Rg1+ 33. Kh2 Rdd1
34. g4 Bf4# 0-1

[Event "WA Class 2006 - C Section"]
[Site "Seattle"]
[Date "2006.11.24"]
[Round "1"]
[White "Wei, Alva"]
[Black "Thongmee, Thomas"]
[Result "0-1"]
[WhiteElo "1180"]
[BlackElo "1421"]
[PlyCount "50"]
[EventDate "2006.11.??"]
[Source "Drayton Harriso"]
[SourceDate "2006.12.04"]

1. e4 c5 2. Nf3 d6 3. d4 cxd4 4. Nxd4 Nf6 5. Nc3 g6 6. Be3 Bg7 7. Qd2 Ng4 8. f3
Nxe3 9. Qxe3 O-O 10. O-O-O Qb6 11. g4 Nc6 12. Nd5 Bxd4 13. Nxb6 Bxe3+ 14. Kb1
axb6 15. h4 Ne5 16. Be2 Be6 17. b3 Ra5 18. Rdf1 Rfa8 19. a4 b5 20. Bxb5 Bd2 21.
g5 Rxb5 22. Kb2 Rxa4 23. f4 Nc4+ 24. Kb1 Bc3 25. f5 Ra1# 0-1

[Event "WA Class 2006 - C Section"]
[Site "Seattle"]
[Date "2006.11.24"]
[Round "1"]
[White "Inglis, David"]
[Black "Breneman, Jesse"]
[Result "1-0"]
[WhiteElo "1405"]
[BlackElo "1081"]
[PlyCount "57"]
[EventDate "2006.11.??"]
[Source "Drayton Harriso"]
[SourceDate "2006.12.04"]

1. e4 e6 2. d4 d5 3. exd5 exd5 4. Bd3 Bd6 5. Nf3 Nf6 6. O-O O-O 7. Re1 Bg4 8.
Bg5 Nbd7 9. c3 c6 10. Nbd2 Qc7 11. Qc2 Rfe8 12. c4 dxc4 13. Bxc4 Bxf3 14. Nxf3
Ng4 15. g3 Nb6 16. Bb3 c5 17. Rac1 Rxe1+ 18. Rxe1 c4 19. Ba4 f6 20. Bd2 Kh8 21.
Be8 Rd8 22. Bh5 Nh6 23. Bxh6 gxh6 24. Qf5 Be7 25. Qe6 Nd5 26. Nh4 Qd7 27. Qe4
Rg8 28. Bf7 Rg5 29. Bxd5 1-0

[Event "WA Class 2006 - C Section"]
[Site "Seattle"]
[Date "2006.11.24"]
[Round "1"]
[White "Scott, Ryan"]
[Black "Holcomb, Eric"]
[Result "1/2-1/2"]
[WhiteElo "1262"]
[BlackElo "1518"]
[PlyCount "146"]
[EventDate "2006.11.??"]
[Source "Drayton Harriso"]
[SourceDate "2006.12.04"]

1. d4 Nf6 2. Bf4 e6 3. e3 d5 4. c3 Nbd7 5. Bd3 c5 6. Nd2 Be7 7. Ngf3 Nh5 8. Bg3
Nxg3 9. hxg3 Nf6 10. Qe2 Bd7 11. Ne5 c4 12. Bc2 Qc7 13. Ndf3 Bd6 14. g4 Bxe5
15. Nxe5 Bc6 16. Qf3 Ne4 17. Bxe4 dxe4 18. Qf4 Bd5 19. g3 f6 20. Ng6 Qxf4 21.
Nxf4 Ke7 22. Kd2 g5 23. Nxd5+ exd5 24. b3 cxb3 25. axb3 a6 26. Rh6 Rag8 27. Ra5
Rd8 28. Rc5 Rd7 29. Kc2 Kf7 30. Rh1 h6 31. c4 dxc4 32. bxc4 Ke7 33. Rb1 h5 34.
Rh1 h4 35. gxh4 gxh4 36. Rh5 Rxh5 37. gxh5 h3 38. Rxh3 Ke6 39. h6 Rh7 40. d5+
Kd6 41. Kc3 b5 42. cxb5 axb5 43. Kd4 b4 44. Kxe4 b3 45. Kd4 b2 46. Rh1 Rb7 47.
Rb1 Rb4+ 48. Kc3 Rh4 49. Rxb2 Kxd5 50. Rb5+ Ke6 51. f4 Rxh6 52. Kd4 Rh4 53. Ke4
Kf7 54. Rf5 Ke6 55. Rd5 Rg4 56. Kd4 Rh4 57. Kc5 Rh1 58. f5+ Ke7 59. Rd4 Rc1+
60. Kd5 Rf1 61. e4 Re1 62. Rb4 Rd1+ 63. Kc4 Rc1+ 64. Kd3 Rd1+ 65. Kc2 Rd7 66.
Rb5 Kf7 67. Rd5 Re7 68. Kd3 Kg7 69. Kd4 Rc7 70. e5 fxe5+ 71. Kxe5 Re7+ 72. Kd6
Kf6 73. Rd4 Re5 1/2-1/2

[Event "WA Class 2006 - C Section"]
[Site "Seattle"]
[Date "2006.11.24"]
[Round "1"]
[White "Monahan, Darby"]
[Black "Marcjan, Cezary"]
[Result "1/2-1/2"]
[WhiteElo "1500"]
[BlackElo "1255"]
[PlyCount "76"]
[EventDate "2006.11.??"]
[Source "Drayton Harriso"]
[SourceDate "2006.12.04"]

1. e4 e5 2. Nf3 Nf6 3. Bc4 d5 4. exd5 Bc5 5. d3 Qd6 6. Nc3 O-O 7. Ne4 Nxe4 8.
dxe4 Bxf2+ 9. Kxf2 Qc5+ 10. Be3 Qxc4 11. Re1 f6 12. h3 b6 13. Kg1 Bb7 14. Qd3
Qxd3 15. cxd3 c6 16. dxc6 Nxc6 17. Red1 Nb4 18. Ne1 Rac8 19. Bd2 Nc2 20. Nxc2
Rxc2 21. Bc3 Rd8 22. Kf1 Ba6 23. Kg1 Rxd3 24. Rxd3 Bxd3 25. Re1 Kf7 26. Kh2 Re2
27. Rxe2 Bxe2 28. Kg3 Ke6 29. Kf2 Bb5 30. Bb4 h5 31. h4 g6 32. g3 f5 33. exf5+
Kxf5 34. Bd6 Ke4 35. Bb8 a6 36. Ba7 Kd3 37. Bxb6 e4 38. a3 Bc4 1/2-1/2

[Event "WA Class 2006 - C Section"]
[Site "Seattle"]
[Date "2006.11.24"]
[Round "2"]
[White "Holcomb, Eric"]
[Black "Etingher, Constantin"]
[Result "1-0"]
[WhiteElo "1518"]
[BlackElo "1400"]
[PlyCount "139"]
[EventDate "2006.11.??"]
[Source "Drayton Harriso"]
[SourceDate "2006.12.04"]

1. e4 c5 2. Nf3 Nc6 3. d4 cxd4 4. Nxd4 Nf6 5. Nc3 e5 6. Ndb5 d6 7. Bg5 a6 8.
Na3 b5 9. Bxf6 gxf6 10. Nd5 Bg7 11. Bd3 Ne7 12. Ne3 O-O 13. O-O Re8 14. c3 f5
15. Nxf5 Nxf5 16. exf5 e4 17. Be2 Bxf5 18. Nc2 Be6 19. Nd4 Kh8 20. Nxe6 Rxe6
21. Bg4 Re5 22. Re1 f5 23. f4 exf3 24. Bxf3 Qb6+ 25. Kh1 Rae8 26. Qd2 Qd8 27.
Rxe5 Bxe5 28. Qf2 Qg5 29. Re1 Qh6 30. g3 f4 31. g4 Qg6 32. h3 Rf8 33. a3 Qd3
34. Qe2 Qg6 35. Qg2 Bf6 36. Qd2 Bh4 37. Qd4+ Qf6 38. Qxf6+ Rxf6 39. Re2 Bg3 40.
Kg2 Bh4 41. Re4 Kg7 42. Re7+ Rf7 43. Rxf7+ Kxf7 44. Bb7 a5 45. Bc6 b4 46. axb4
axb4 47. cxb4 Bf6 48. b5 Be5 49. b6 Ke6 50. Bd5+ Kd7 51. b7 Kc7 52. b3 Bc3 53.
Kf3 Bd2 54. h4 Be3 55. g5 Kb8 56. h5 Kc7 57. g6 hxg6 58. hxg6 Bd4 59. Kxf4 Bg7
60. Kf5 Be5 61. Ke6 Bg7 62. Kf7 Be5 63. g7 Bxg7 64. Kxg7 Kb8 65. Kf7 Kc7 66.
Ke7 Kb8 67. Kxd6 Ka7 68. Kc7 Ka6 69. b8=Q Ka5 70. Qb6# 1-0

[Event "WA Class 2006 - C Section"]
[Site "Seattle"]
[Date "2006.11.24"]
[Round "2"]
[White "Wei, Alva"]
[Black "Van Veen, Kerry"]
[Result "0-1"]
[WhiteElo "1180"]
[BlackElo "1436"]
[PlyCount "64"]
[EventDate "2006.11.??"]
[Source "Drayton Harriso"]
[SourceDate "2006.12.04"]

1. e4 e5 2. Nf3 Nc6 3. Bc4 Nf6 4. Ng5 d5 5. exd5 b5 6. dxc6 bxc4 7. Nc3 h6 8.
Nf3 e4 9. Qe2 Qe7 10. Nd4 Ba6 11. Nf5 Qe6 12. Ng3 O-O-O 13. O-O Qxc6 14. Ngxe4
Bb7 15. f3 Bc5+ 16. Kh1 Rhe8 17. Re1 Nh5 18. d3 f5 19. g4 fxe4 20. fxe4 cxd3
21. cxd3 Nf6 22. g5 hxg5 23. Bxg5 Qe6 24. Bxf6 gxf6 25. a3 Rh8 26. b4 Bd6 27.
Kg1 Rdg8+ 28. Kf1 Qh3+ 29. Kf2 Rg2+ 30. Kf1 Rxh2+ 31. Kg1 Rg8+ 32. Qg4+ Rxg4#
0-1

[Event "WA Class 2006 - C Section"]
[Site "Seattle"]
[Date "2006.11.24"]
[Round "2"]
[White "Marcjan, Cezary"]
[Black "Varner, Murlin"]
[Result "1/2-1/2"]
[WhiteElo "1255"]
[BlackElo "1518"]
[PlyCount "87"]
[EventDate "2006.11.??"]
[Source "Drayton Harriso"]
[SourceDate "2006.12.04"]

1. e4 e5 2. Nf3 Nc6 3. Bc4 Bc5 4. c3 Nf6 5. d4 exd4 6. cxd4 Bb4+ 7. Bd2 Nxe4 8.
Bxf7+ Kxf7 9. Qb3+ d5 10. Bxb4 Nxb4 11. Qxb4 Re8 12. O-O b6 13. Ne5+ Kg8 14.
Qb3 c5 15. Re1 c4 16. Nxc4 dxc4 17. Qxc4+ Be6 18. Qc6 Bd5 19. Qb5 a6 20. Qd3
Qf6 21. f3 Ng5 22. Nc3 Rxe1+ 23. Rxe1 Bxf3 24. Rf1 Rf8 25. gxf3 Nxf3+ 26. Kh1
Qf4 27. Qc4+ Kh8 28. Qe2 g5 29. h3 Qg3 30. Qg2 Qxg2+ 31. Kxg2 Nh4+ 32. Kg1
Rxf1+ 33. Kxf1 Kg7 34. d5 Kf6 35. Kf2 Ke5 36. d6 Kxd6 37. Ne4+ Ke5 38. Nxg5 h5
39. Nf3+ Nxf3 40. Kxf3 Kf5 41. h4 b5 42. b4 Ke5 43. Ke3 Kf5 44. Kf3 1/2-1/2